000 01185nam a2200265Ia 4500
003 OSt
005 20220930094719.0
006 a|||||r|||| 00| 0
007 ta
008 220926b |||||||| |||| 00| 0 hin d
024 _a134
037 _cTheses
040 _aCRL
_cCRL
_bhin
041 _2hin
_ahin
100 _aगिरी, राजीव रंजन
110 _aदिल्ली विश्वविद्यालय. संकाय कला. हिन्दी विभाग
245 0 _aस्वातं×योत्तर हिन्दी भाषा के विकास और व्यापप्त की समस्याएॅं
246 _aSvātan×yottar hindī bhāṣhā ke vikās aur vyāpapta kī samasyāeॅan
260 _c2011
650 _aहिन्दी साहित्य
700 _a पचौरी, सुधीश, गा.
700 _aदिल्ली विश्वविद्यालय. संकाय कला. हिन्दी विभाग
942 _cDIS
_2CC
999 _c887546
_d887546